[Event "DEM U12w 2017"]
[Site "Willingen GER"]
[Date "2017.06.04"]
[Round "2"]
[White "Ziegenfuß, Antonia"]
[Black "Nguyen, Phuong Thao Vivien"]
[Result "1-0"]
[Termination "normal"]
[Board "1"]
[WhiteElo "1911"]
[BlackElo "1540"]
[WhiteClock "00:11:25"]
[BlackClock "00:16:56"]
[PlyCount "53"]
[WhiteFideId "12962554"]
[BlackFideId "16210735"]
[EventCountry "GER"]
[EventRounds "11"]
[EventType "swiss"]
[EventDate "2017.06.03"]

1. d4 Nf6 2. c4 g6 3. Nc3 Bg7 4. e4 d6 5. Be2 O-O 6. Be3 Nbd7 7. g4 e5 8. d5
Nc5 9. f3 a5 10. h4 Bd7 11. Qd2 Re8 12. h5 b6 13. Bh6 Bh8 14. Bd1 c6 15. Nge2
cxd5 16. Nxd5 Be6 17. Ng3 Bxd5 18. cxd5 Rc8 19. Be2 Nb7 20. Bb5 Nd7 21. hxg6
fxg6 22. Bg5 Qc7 23. Qh2 Bg7 24. Qxh7+ Kf7 25. Nf5 Rg8 26. Nh6+ Kf8 27. Qxg8#
1-0

[Event "DEM U12w 2017"]
[Site "Willingen GER"]
[Date "2017.06.04"]
[Round "2"]
[White "Reichelt, Lena"]
[Black "Bashylina, Luisa"]
[Result "1/2-1/2"]
[Termination "normal"]
[Board "2"]
[WhiteElo "1467"]
[BlackElo "1525"]
[WhiteClock "00:15:52"]
[BlackClock "00:32:40"]
[PlyCount "58"]
[WhiteFideId "12981184"]
[BlackFideId "12983292"]
[EventCountry "GER"]
[EventRounds "11"]
[EventType "swiss"]
[EventDate "2017.06.03"]

1. d4 Nf6 2. Nf3 g6 3. e3 Bg7 4. c4 d6 5. Nc3 O-O 6. Be2 Nbd7 7. O-O e5 8. Qc2
Re8 9. b3 Nf8 10. Bb2 e4 11. Nd2 Bf5 12. Rac1 h5 13. Rfd1 N8h7 14. Nd5 c6 15.
Nxf6+ Nxf6 16. Nf1 Ng4 17. d5 Bxb2 18. Qxb2 c5 19. b4 b6 20. bxc5 bxc5 21. Rb1
Rb8 22. Qa3 Qc7 23. Rb3 Rxb3 24. axb3 Rb8 25. Rb1 Rb4 26. Bxg4 Bxg4 27. Nd2 Bf5
28. Ra1 Rb7 29. h3 Qe7 1/2-1/2

[Event "DEM U12w 2017"]
[Site "Willingen GER"]
[Date "2017.06.04"]
[Round "2"]
[White "Dietz, Kristin"]
[Black "Bayer, Melissa"]
[Result "1-0"]
[Termination "normal"]
[Board "3"]
[WhiteElo "1733"]
[BlackElo "1583"]
[WhiteClock "00:58:52"]
[BlackClock "00:29:08"]
[PlyCount "119"]
[WhiteFideId "12993743"]
[BlackFideId "16206916"]
[EventCountry "GER"]
[EventRounds "11"]
[EventType "swiss"]
[EventDate "2017.06.03"]

1. e4 e5 2. Nf3 Nc6 3. Bc4 Nf6 4. d4 exd4 5. Ng5 d5 6. exd5 Nxd5 7. O-O Qd6 8.
Nxf7 Kxf7 9. Qf3+ Ke8 10. Bxd5 Be7 11. Re1 Rf8 12. Bxc6+ bxc6 13. Qe2 Kd8 14.
Nd2 Qf6 15. Nf3 Bg4 16. Qxe7+ Qxe7 17. Bg5 Qxg5 18. Nxg5 Kd7 19. Re4 Bf5 20.
Rxd4+ Ke7 21. Re1+ Kf6 22. Ne4+ Kg6 23. Rc4 Bd7 24. Nc5 Be8 25. Ne6 Rf7 26.
Rce4 Rb8 27. Nf4+ Kh6 28. Rxe8 Rxe8 29. Rxe8 Rxf4 30. Re6+ Kg5 31. Rxc6 Rd4 32.
Kf1 Rd7 33. Ra6 Rd2 34. Rxa7 Rxc2 35. b4 Kf6 36. a4 Ke6 37. b5 Kd6 38. a5 g6
39. b6 cxb6 40. axb6 Rb2 41. Rxh7 Rxb6 42. Ke2 Ke6 43. Kf3 Kf5 44. g4+ Ke5 45.
Rh6 Kf6 46. h4 Rb3+ 47. Kg2 Kg7 48. g5 Rb4 49. h5 Rg4+ 50. Kf3 Rxg5 51. Rxg6+
Rxg6 52. hxg6 Kxg6 53. Kg4 Kf6 54. Kf4 Kg7 55. Kg5 Kf7 56. Kf5 Ke8 57. Kg6 Kf8
58. f4 Kg8 59. f5 Kf8 60. Kf6 1-0

[Event "DEM U12w 2017"]
[Site "Willingen GER"]
[Date "2017.06.04"]
[Round "2"]
[White "Kalina, Lena"]
[Black "Reuter, Elisa"]
[Result "0-1"]
[Termination "normal"]
[Board "4"]
[WhiteElo "1454"]
[BlackElo "1655"]
[WhiteClock "00:38:24"]
[BlackClock "00:14:51"]
[PlyCount "74"]
[WhiteFideId "12988014"]
[BlackFideId "12995444"]
[EventCountry "GER"]
[EventRounds "11"]
[EventType "swiss"]
[EventDate "2017.06.03"]

1. d4 Nf6 2. Nf3 g6 3. c4 Bg7 4. Nc3 d5 5. e3 O-O 6. b4 c6 7. Qb3 Be6 8. a4
Nbd7 9. a5 b6 10. Be2 Qc7 11. O-O a6 12. Ba3 Rfb8 13. axb6 Nxb6 14. cxd5 cxd5
15. Rfc1 Qd8 16. Ne5 Rc8 17. Na4 Nxa4 18. Qxa4 Nd7 19. Nc6 Qe8 20. Qb3 Nb6 21.
b5 Rc7 22. bxa6 Nc4 23. Qb5 Qxc6 24. Qxc6 Rxc6 25. Bxe7 Rcxa6 26. Rxa6 Rxa6 27.
Rb1 Ra8 28. h3 Bf8 29. Bf6 Bg7 30. Be7 Bf8 31. Bf6 Nd6 32. Rb6 Ne4 33. Be5 Nc3
34. Ba6 Na4 35. Rc6 Bd7 36. Rf6 Be7 37. Bb7 Ra7 0-1

[Event "DEM U12w 2017"]
[Site "Willingen GER"]
[Date "2017.06.04"]
[Round "2"]
[White "Butenandt, Svenja"]
[Black "Heutling, Elina"]
[Result "0-1"]
[Termination "normal"]
[Board "5"]
[WhiteElo "1473"]
[BlackElo "1461"]
[WhiteClock "00:15:43"]
[BlackClock "00:10:14"]
[PlyCount "64"]
[WhiteFideId "12993859"]
[BlackFideId "16244729"]
[EventCountry "GER"]
[EventRounds "11"]
[EventType "swiss"]
[EventDate "2017.06.03"]

1. e4 c5 2. Nf3 Nc6 3. d4 cxd4 4. Nxd4 g6 5. Be3 Bg7 6. Qd2 Nf6 7. f3 O-O 8. c4
d6 9. Be2 Bd7 10. O-O Nxd4 11. Bxd4 Bc6 12. Nc3 a5 13. Nd5 Bxd5 14. exd5 Nd7
15. Bxg7 Kxg7 16. Kh1 Nc5 17. Qd4+ Kg8 18. Bd3 Nxd3 19. Qxd3 Rc8 20. b3 Rc5 21.
a4 b6 22. Rfe1 Re8 23. Re4 e6 24. dxe6 Rxe6 25. Rd1 Rce5 26. Kg1 Rxe4 27. fxe4
Qc7 28. Kf2 Qc5+ 29. Kg3 Rf6 30. Qe2 Qe5+ 31. Kh3 g5 32. Rd5 Rh6+ 0-1

[Event "DEM U12w 2017"]
[Site "Willingen GER"]
[Date "2017.06.04"]
[Round "2"]
[White "Orlova, Alicia"]
[Black "Peglau, Mirjam"]
[Result "1-0"]
[Termination "normal"]
[Board "6"]
[WhiteElo "1452"]
[BlackElo "1579"]
[WhiteClock "00:27:58"]
[BlackClock "00:25:38"]
[PlyCount "73"]
[WhiteFideId "34154563"]
[BlackFideId "16211138"]
[EventCountry "GER"]
[EventRounds "11"]
[EventType "swiss"]
[EventDate "2017.06.03"]

1. e4 e6 2. d4 d5 3. Bd3 Nf6 4. e5 Nfd7 5. Nf3 c5 6. c3 Nc6 7. a3 Qb6 8. Bc2
Be7 9. O-O O-O 10. b4 cxd4 11. cxd4 a5 12. Qd3 g6 13. b5 Na7 14. a4 f6 15. exf6
Bxf6 16. Bg5 Bg7 17. Nc3 Nf6 18. h4 Bd7 19. Rfe1 Nc8 20. Ne2 Nd6 21. Nf4 Nde4
22. Ne5 Bc8 23. Bxf6 Rxf6 24. Nh3 Rf8 25. Rac1 Bxe5 26. dxe5 Nxf2 27. Qe3 Nxh3+
28. gxh3 d4 29. Qd3 Rd8 30. h5 Rd7 31. hxg6 Rg7 32. Kh2 Bd7 33. gxh7+ Kh8 34.
Rg1 Rf8 35. Rxg7 Kxg7 36. Qg6+ Kh8 37. Rg1 1-0

[Event "DEM U12w 2017"]
[Site "Willingen GER"]
[Date "2017.06.04"]
[Round "2"]
[White "Doll, Rebecca"]
[Black "Oswald, Hannah"]
[Result "1-0"]
[Termination "normal"]
[Board "7"]
[WhiteElo "1473"]
[BlackElo "1502"]
[PlyCount "35"]
[WhiteFideId "16236890"]
[BlackFideId "16214960"]
[EventCountry "GER"]
[EventRounds "11"]
[EventType "swiss"]
[EventDate "2017.06.03"]

1. e4 e5 2. Nf3 Nc6 3. Bc4 Bc5 4. c3 Nf6 5. d3 d6 6. Bb3 Be6 7. Bc2 Qd7 8. O-O
O-O-O 9. d4 exd4 10. cxd4 Bc4 11. Re1 Bb6 12. Ba4 Ba5 13. Bd2 Bxd2 14. Nbxd2 b5
15. Nxc4 bxa4 16. Qxa4 d5 17. Qa6+ Kb8 18. Nce5 1-0

[Event "DEM U12w 2017"]
[Site "Willingen GER"]
[Date "2017.06.04"]
[Round "2"]
[White "Liu, Sijia Anna"]
[Black "Pflugradt, Natalie"]
[Result "1-0"]
[Termination "normal"]
[Board "8"]
[WhiteElo "1529"]
[BlackElo "1485"]
[PlyCount "99"]
[WhiteFideId "12989746"]
[BlackFideId "16212444"]
[EventCountry "GER"]
[EventRounds "11"]
[EventType "swiss"]
[EventDate "2017.06.03"]

1. e4 e5 2. Nf3 Nc6 3. Bb5 Bc5 4. O-O Nf6 5. c3 O-O 6. d4 Bb6 7. Bg5 d6 8. h3
Bd7 9. Re1 h6 10. Bh4 Ne7 11. Bc4 Ng6 12. Bg3 Nh5 13. Bh2 Re8 14. dxe5 dxe5 15.
Qb3 Be6 16. Nbd2 Nhf4 17. Bg3 Nd3 18. Red1 Bxc4 19. Nxc4 Re7 20. Ncxe5 Bxf2+
21. Bxf2 Rxe5 22. Nxe5 Ngxe5 23. Bg3 Qe7 24. Bxe5 Nxe5 25. Qxb7 Qc5+ 26. Kh1
Re8 27. Rd5 Qe3 28. Qxc7 Qxe4 29. Rad1 Kh7 30. Rd8 Re6 31. R8d6 Rg6 32. Rxg6
Nxg6 33. Qxf7 Nf4 34. Rg1 Nxh3 35. Rf1 Ng5 36. Qf5+ Qxf5 37. Rxf5 Kg6 38. Rd5
Kf6 39. c4 Ke6 40. Rd8 Ne4 41. b4 Ke7 42. Rd4 Ng3+ 43. Kh2 Nf5 44. Rd3 Nd6 45.
c5 Nc8 46. Kg3 Ke6 47. Kf4 Ne7 48. Rd6+ Kf7 49. c6 Ke8 50. c7 1-0

[Event "DEM U12w 2017"]
[Site "Willingen GER"]
[Date "2017.06.04"]
[Round "2"]
[White "Werner, Rosalie"]
[Black "Gehrke, Gina Celina"]
[Result "0-1"]
[Termination "normal"]
[Board "9"]
[WhiteElo "1397"]
[BlackElo "1435"]
[PlyCount "114"]
[WhiteFideId "16223748"]
[BlackFideId "16205979"]
[EventCountry "GER"]
[EventRounds "11"]
[EventType "swiss"]
[EventDate "2017.06.03"]

1. e4 c5 2. Nf3 g6 3. d4 cxd4 4. Nxd4 Bg7 5. Be2 Nc6 6. Nb3 d6 7. Nc3 Nf6 8.
Bg5 O-O 9. O-O Be6 10. Re1 a6 11. Bf1 Rc8 12. Nd5 Bxd5 13. exd5 Nb4 14. c4 a5
15. a3 Na6 16. Rc1 Nc5 17. Nxa5 Qxa5 18. b4 Qxa3 19. bxc5 Qxc5 20. Rxe7 Rc7 21.
Rxc7 Qxc7 22. Qd4 Nd7 23. Qh4 Re8 24. Bh6 Ne5 25. Bxg7 Kxg7 26. Qd4 Kg8 27. Kh1
Rc8 28. f4 Nd7 29. g4 Nc5 30. Qe3 Qd8 31. f5 Qf6 32. Bh3 Ra8 33. g5 Qb2 34. Re1
Nd7 35. Qe7 Nf8 36. f6 Ra1 37. Rf1 Rxf1+ 38. Bxf1 Qd2 39. Qxd6 Qxg5 40. Qe7 Qf4
41. Kg1 Qg4+ 42. Kf2 Qf4+ 43. Ke1 Qc1+ 44. Kf2 Qf4+ 45. Kg1 Qg4+ 46. Bg2 Qd4+
47. Kf1 Qxc4+ 48. Kf2 b5 49. d6 b4 50. d7 Qd4+ 51. Ke2 Qxd7 52. Qxb4 Qe6+ 53.
Qe4 Qxf6 54. h4 Qb2+ 55. Kf3 Qc3+ 56. Kf4 Ne6+ 57. Kg4 h5# 0-1

[Event "DEM U12w 2017"]
[Site "Willingen GER"]
[Date "2017.06.04"]
[Round "2"]
[White "Gossing, Marie-Sophie"]
[Black "Adelhardt, Lisa"]
[Result "1/2-1/2"]
[Termination "normal"]
[Board "10"]
[WhiteElo "1033"]
[BlackElo "1324"]
[PlyCount "122"]
[WhiteFideId "16217284"]
[BlackFideId "16235380"]
[EventCountry "GER"]
[EventRounds "11"]
[EventType "swiss"]
[EventDate "2017.06.03"]

1. e4 e5 2. Nf3 Nc6 3. d4 exd4 4. Nxd4 Qh4 5. Nf3 Qxe4+ 6. Be2 Bc5 7. Nc3 Qg6
8. O-O Nge7 9. Bd3 Qh5 10. Bg5 O-O 11. Re1 d5 12. Qd2 Bg4 13. Ne5 f6 14. Nxg4
Qxg4 15. Be3 Bxe3 16. fxe3 Qg5 17. Qd1 Rad8 18. Qe2 Ng6 19. Rad1 a6 20. Bxg6
hxg6 21. Rd2 d4 22. exd4 Ne5 23. Red1 Ng4 24. Rd3 Rfe8 25. Qd2 Qh6 26. h3 Qxd2
27. R3xd2 Ne3 28. Re1 Nc4 29. Rde2 Rxe2 30. Rxe2 Rxd4 31. Re7 Nxb2 32. Rxc7 Rb4
33. Nd5 Rb5 34. Ne7+ Kh7 35. c4 Rb4 36. c5 Nd3 37. Nd5 Rb5 38. Nxf6+ Kh6 39.
Ng4+ Kh7 40. Nf6+ Kh6 41. Ng4+ Kg5 42. Rxg7 Nxc5 43. Re7 Nd3 44. Rd7 Rb1+ 45.
Kh2 Nf4 46. Rd4 Rb2 47. Ne5 Rxg2+ 48. Kh1 Ne6 49. Nf3+ Kf6 50. Kxg2 Nxd4 51.
Nxd4 Ke5 52. Nf3+ Kf4 53. Nd4 Ke5 54. Nb3 b6 55. Kf3 Kf5 56. Nd4+ Kg5 57. Kg3
Kh5 58. a4 Kg5 59. Nc6 b5 60. axb5 axb5 61. Nd4 b4 1/2-1/2

[Event "DEM U12w 2017"]
[Site "Willingen GER"]
[Date "2017.06.04"]
[Round "2"]
[White "Stowicek, Yara Mathilda"]
[Black "Evering, Enna"]
[Result "1-0"]
[Termination "normal"]
[Board "11"]
[WhiteElo "1455"]
[BlackElo "1419"]
[PlyCount "121"]
[WhiteFideId "16203569"]
[BlackFideId "16218213"]
[EventCountry "GER"]
[EventRounds "11"]
[EventType "swiss"]
[EventDate "2017.06.03"]

1. e4 e5 2. Nf3 Nc6 3. Bc4 Nf6 4. d3 Be7 5. c3 d5 6. exd5 Nxd5 7. O-O O-O 8.
Re1 Bg4 9. Nbd2 Bf6 10. Ne4 Be7 11. Ng3 Bh4 12. Nf5 Bxf2+ 13. Kxf2 Bxf5 14.
Nxe5 Nxe5 15. Rxe5 Qf6 16. Rxf5 Qxf5+ 17. Qf3 Qxf3+ 18. gxf3 Nb6 19. Bb3 Rfe8
20. Bf4 c6 21. Rg1 g6 22. h4 h5 23. Rxg6+ Kh7 24. Rh6+ Kg7 25. Rxh5 Rad8 26. d4
Nd5 27. Bxd5 Rxd5 28. Rxd5 cxd5 29. h5 Re6 30. h6+ Kh7 31. b3 Rc6 32. Bd2 Ra6
33. a4 f5 34. Ke2 Re6+ 35. Kd3 Kg6 36. c4 dxc4+ 37. bxc4 Rb6 38. Kc3 Ra6 39.
Kb4 Rd6 40. d5 Rd7 41. Bf4 Kh7 42. d6 Kg6 43. c5 Kh5 44. Kb5 Kg6 45. c6 a6+ 46.
Kb6 Rxd6 47. Bxd6 bxc6 48. Kxc6 Kxh6 49. Kb6 Kh5 50. Kxa6 Kh4 51. Kb7 Kh3 52.
a5 Kg2 53. f4 Kf3 54. a6 Kg4 55. a7 Kf3 56. a8=Q Kg4 57. Qg8+ Kf3 58. Qd5+ Ke3
59. Bc5+ Ke2 60. Qb3 Kf1 61. Qc2 1-0

[Event "DEM U12w 2017"]
[Site "Willingen GER"]
[Date "2017.06.04"]
[Round "2"]
[White "Zöllner, Bente"]
[Black "Jünk, Ellen"]
[Result "0-1"]
[Termination "normal"]
[Board "12"]
[WhiteElo "1397"]
[BlackElo "1446"]
[PlyCount "76"]
[WhiteFideId "16230523"]
[BlackFideId "16206487"]
[EventCountry "GER"]
[EventRounds "11"]
[EventType "swiss"]
[EventDate "2017.06.03"]

1. d4 d5 2. c4 Nf6 3. Nf3 e6 4. Nc3 Be7 5. Bf4 a6 6. e3 O-O 7. cxd5 exd5 8. Bd3
b6 9. O-O Bb7 10. Ne5 Nbd7 11. Rc1 Rc8 12. Ne2 c5 13. b3 Re8 14. Bf5 Rc7 15.
Nxd7 Rxd7 16. Bxd7 Qxd7 17. Qd3 Bd6 18. Bxd6 Qxd6 19. dxc5 bxc5 20. Rfd1 Ng4
21. Ng3 h5 22. h3 h4 23. Nf1 Ne5 24. Qf5 Ng6 25. Nh2 Re5 26. Qc2 d4 27. exd4
cxd4 28. Qc7 Qd5 29. Nf3 Rg5 30. Kf1 Rxg2 31. Kxg2 Qxf3+ 32. Kf1 Nf4 33. Qd8+
Kh7 34. Qxh4+ Kg8 35. Qg3 Qh1+ 36. Qg1 Bg2+ 37. Ke1 Qxg1+ 38. Kd2 Qxf2# 0-1

[Event "DEM U12w 2017"]
[Site "Willingen GER"]
[Date "2017.06.04"]
[Round "2"]
[White "Schulz, Hannah"]
[Black "Breß, Amy Charlize"]
[Result "0-1"]
[Termination "normal"]
[Board "13"]
[WhiteElo "1218"]
[BlackElo "1655"]
[PlyCount "128"]
[WhiteFideId "16244745"]
[BlackFideId "16233786"]
[EventCountry "GER"]
[EventRounds "11"]
[EventType "swiss"]
[EventDate "2017.06.03"]

1. e4 c5 2. Nf3 a6 3. Bc4 e6 4. Nc3 Nc6 5. d4 cxd4 6. Nxd4 Nf6 7. Nf3 Bb4 8.
Bg5 Bxc3+ 9. bxc3 h6 10. Bxf6 Qxf6 11. Qd3 O-O 12. O-O Rd8 13. Rfe1 d6 14. Rad1
Qe7 15. Bb3 b5 16. c4 b4 17. Ba4 Bb7 18. a3 a5 19. Rd2 Rac8 20. Rb1 bxa3 21.
Qxa3 Ba8 22. Bxc6 Rxc6 23. Qxa5 Rxc4 24. Ne5 Rxe4 25. Nf3 Rc4 26. Ne1 Qc7 27.
Qxc7 Rxc7 28. Rc1 Bd5 29. c3 Rdc8 30. Rd3 Rc6 31. Kf1 Bc4 32. Ke2 Bxd3+ 33.
Kxd3 Kf8 34. Nf3 e5 35. Kd2 Ke7 36. Ne1 d5 37. Nf3 f6 38. h3 d4 39. Rb1 dxc3+
40. Kc2 Kd6 41. Rd1+ Ke6 42. g4 Rb8 43. Rc1 Rb2+ 44. Kd3 c2 45. Ne1 Rb3+ 46.
Kd2 Rxh3 47. Nxc2 Kd6 48. g5 fxg5 49. f4 exf4 50. Kd1 Rh1+ 51. Kd2 Rxc1 52.
Kxc1 f3 53. Kd2 Rxc2+ 54. Kxc2 f2 55. Kd3 f1=Q+ 56. Ke4 Qf4+ 57. Kd3 g4 58. Ke2
g3 59. Kd3 g2 60. Kc2 g1=Q 61. Kd3 Qgg3+ 62. Ke2 Qa3 63. Ke1 Qh2 64. Kd1 Qa1#
0-1

[Event "DEM U12w 2017"]
[Site "Willingen GER"]
[Date "2017.06.04"]
[Round "2"]
[White "Wiemann, Vanessa"]
[Black "Petersen, Sophie"]
[Result "1-0"]
[Termination "normal"]
[Board "14"]
[WhiteElo "1305"]
[BlackElo "1498"]
[PlyCount "125"]
[WhiteFideId "12942987"]
[BlackFideId "16229380"]
[EventCountry "GER"]
[EventRounds "11"]
[EventType "swiss"]
[EventDate "2017.06.03"]

1. e4 e5 2. Nf3 Nc6 3. Bc4 Nf6 4. Ng5 d5 5. exd5 Na5 6. Bb5+ c6 7. dxc6 bxc6 8.
Be2 h6 9. Nf3 e4 10. Ne5 Bd6 11. d4 O-O 12. c3 c5 13. Be3 Be6 14. h3 Qb6 15. b3
Rac8 16. O-O Rfd8 17. Qe1 Qc7 18. f4 exf3 19. Nxf3 Bg3 20. Bf2 Ne4 21. Bxg3
Nxg3 22. Rf2 Nxe2+ 23. Rxe2 cxd4 24. Nxd4 Qb6 25. Kh1 Rd6 26. Nxe6 fxe6 27. c4
Nb7 28. Nc3 a5 29. Na4 Qc6 30. Nc3 Nc5 31. Rd2 Rcd8 32. Rad1 Rxd2 33. Rxd2 Rf8
34. Rf2 Rd8 35. Rd2 Rf8 36. Nb5 Ne4 37. Re2 Ng5 38. Nd4 Qb6 39. Nxe6 Nxe6 40.
Rxe6 Qf2 41. Qxf2 Rxf2 42. a4 Rb2 43. Rb6 Kf7 44. c5 Rc2 45. Rb5 Ke7 46. Rxa5
Kd7 47. b4 Kc7 48. b5 Rxc5 49. b6+ Kxb6 50. Rxc5 Kxc5 51. Kh2 Kb4 52. Kg3 Kxa4
53. Kf4 Kb5 54. g4 Kc6 55. Kf5 Kd6 56. Kg6 Ke7 57. Kxg7 Ke6 58. Kxh6 Kf6 59.
g5+ Kf7 60. Kh7 Kf8 61. g6 Ke7 62. g7 Ke6 63. g8=Q+ 1-0

[Event "DEM U12w 2017"]
[Site "Willingen GER"]
[Date "2017.06.04"]
[Round "2"]
[White "Becker, Linda"]
[Black "Karlinger De la Quintana, Ainhoa"]
[Result "0-1"]
[Termination "normal"]
[Board "15"]
[WhiteElo "1142"]
[BlackElo "1344"]
[PlyCount "94"]
[WhiteFideId "16244753"]
[BlackFideId "16217268"]
[EventCountry "GER"]
[EventRounds "11"]
[EventType "swiss"]
[EventDate "2017.06.03"]

1. e4 e6 2. d4 d5 3. exd5 exd5 4. Nf3 Nf6 5. Be3 Bd6 6. c4 O-O 7. Nc3 Be6 8.
Qb3 c6 9. Qxb7 Nbd7 10. Qxc6 Bb4 11. a3 Bxc3+ 12. bxc3 Rc8 13. Qa4 Qb6 14. c5
Qb2 15. Rc1 Ne4 16. Bd3 Nxf2 17. Bxh7+ Kxh7 18. O-O Ng4 19. Ng5+ Kg8 20. Nxe6
Nxe3 21. Nf4 Nxf1 22. Rxf1 Nf6 23. Qxa7 Qxc3 24. Ne2 Qe3+ 25. Kh1 Qxe2 26. Ra1
Rfe8 27. h3 Ra8 28. Qb7 Reb8 29. Qc7 Qb2 30. Rd1 Qxa3 31. Qe7 Qa7 32. Qe3 Re8
33. Qg3 Ne4 34. Qf3 Rab8 35. Kg1 Qa4 36. Rf1 Qxd4+ 37. Kh1 Qf6 38. Qd3 Qxf1+
39. Qxf1 Ng3+ 40. Kg1 Nxf1 41. Kxf1 Rbc8 42. g4 Rxc5 43. h4 Rc2 44. g5 d4 45.
g6 fxg6 46. h5 gxh5 47. Kg1 Re1# 0-1

[Event "DEM U12w 2017"]
[Site "Willingen GER"]
[Date "2017.06.04"]
[Round "2"]
[White "Schneider, Anna"]
[Black "Fayngold, Sophie"]
[Result "1-0"]
[Termination "normal"]
[Board "16"]
[WhiteElo "1412"]
[BlackElo "1139"]
[PlyCount "75"]
[WhiteFideId "16200527"]
[EventCountry "GER"]
[EventRounds "11"]
[EventType "swiss"]
[EventDate "2017.06.03"]

1. e4 b6 2. d4 Bb7 3. Nc3 e6 4. Nf3 Nf6 5. e5 Ne4 6. Nxe4 Bxe4 7. Bc4 d5 8.
exd6 Bxd6 9. O-O Bb7 10. Re1 Qf6 11. d5 e5 12. Bg5 Qg6 13. Nxe5 Qf5 14. Bd3 Qc8
15. Ng6+ Be7 16. Rxe7+ Kd8 17. Re1+ f6 18. Nxh8 Qd7 19. Bh4 Kc8 20. Qh5 g6 21.
Qh6 Bxd5 22. Qf8+ Kb7 23. Qe7 Qc6 24. Qxf6 Qa4 25. Bg3 Nd7 26. Qg7 Bc6 27. Nf7
Rc8 28. Ne5 Rd8 29. Nxc6 Kxc6 30. Be4+ Kb5 31. Qc3 Ka6 32. Qxc7 Rb8 33. Bd3+
Ka5 34. Qxa7+ Kb4 35. c3+ Kc5 36. Qxa4 b5 37. Qd4+ Kc6 38. Be4# 1-0

[Event "DEM U12w 2017"]
[Site "Willingen GER"]
[Date "2017.06.04"]
[Round "2"]
[White "Hentschel, Lena"]
[Black "Derling, Charlotte"]
[Result "0-1"]
[Termination "normal"]
[Board "17"]
[WhiteElo "1305"]
[BlackElo "1073"]
[PlyCount "178"]
[WhiteFideId "16240324"]
[BlackFideId "16222237"]
[EventCountry "GER"]
[EventRounds "11"]
[EventType "swiss"]
[EventDate "2017.06.03"]

1. e4 c5 2. Nf3 d6 3. Bc4 Nc6 4. d3 Nf6 5. c3 g6 6. Bb3 Bg7 7. h3 Bd7 8. O-O
O-O 9. Re1 Qc7 10. d4 cxd4 11. cxd4 Ne8 12. Nc3 Rc8 13. Nd5 Qa5 14. Bd2 Qd8 15.
Be3 Nc7 16. Nc3 Na8 17. a3 Nb6 18. Rc1 Na5 19. Bc2 Nac4 20. Rb1 Nxe3 21. Rxe3
Nc4 22. Re1 Nxb2 23. Rxb2 Rxc3 24. Qb1 b6 25. Rb3 Qc7 26. Re2 Rc8 27. Bd1 Rc1
28. Qd3 Qc4 29. Rd2 Ba4 30. Rb4 Qxd3 31. Rxd3 Bxd1 32. Kh2 Bxf3 33. Rxf3 R8c4
34. Rd3 Rxb4 35. axb4 Rc4 36. Rb3 Bxd4 37. Kg3 Be5+ 38. Kf3 a5 39. bxa5 bxa5
40. Ke3 a4 41. Ra3 Bb2 42. Kd3 Rd4+ 43. Ke3 Kg7 44. Ra2 Rb4 45. Kd3 a3 46. f3
Kf6 47. g3 Ke5 48. f4+ Ke6 49. Ke3 f5 50. exf5+ Kxf5 51. Kf3 Rb3+ 52. Kf2 d5
53. g4+ Kxf4 54. h4 d4 55. Ke2 d3+ 56. Kd2 Ke4 57. h5 Kd4 58. hxg6 hxg6 59. g5
Kc4 60. Kd1 Rb6 61. Kd2 Kb3 62. Rxa3+ Kxa3 63. Kxd3 Rb4 64. Ke3 Ka4 65. Kf3 Kb5
66. Ke3 Kc5 67. Kd3 Kd5 68. Ke3 Ra4 69. Kf3 Ke5 70. Kg3 Kf5 71. Kh3 Kxg5 72.
Kg3 Ra3+ 73. Kf2 Kf4 74. Ke2 Bg7 75. Kd2 Ke4 76. Kc2 Kd4 77. Kb2 Rh3 78. Kc2
Rg3 79. Kb2 Kc4+ 80. Ka2 Kb4 81. Kb1 Rg2 82. Kc1 Kc3 83. Kd1 Kd3 84. Ke1 Ke3
85. Kd1 Rh2 86. Kc1 Kd3 87. Kb1 Kc3 88. Ka1 Kb3+ 89. Kb1 Rh1# 0-1

[Event "DEM U12w 2017"]
[Site "Willingen GER"]
[Date "2017.06.04"]
[Round "2"]
[White "Zixin, Li"]
[Black "Erdösi, Anna"]
[Result "1/2-1/2"]
[Termination "normal"]
[Board "18"]
[WhiteElo "1094"]
[BlackElo "1321"]
[PlyCount "151"]
[WhiteFideId "16244770"]
[BlackFideId "12993883"]
[EventCountry "GER"]
[EventRounds "11"]
[EventType "swiss"]
[EventDate "2017.06.03"]

1. e4 c5 2. Nc3 d6 3. g3 Nc6 4. Bg2 Nf6 5. d3 g6 6. f4 Bg7 7. h3 O-O 8. Nf3 Rb8
9. O-O Bd7 10. Be3 Qc8 11. Kh2 h6 12. Qd2 Kh7 13. Nd1 Qe8 14. e5 dxe5 15. fxe5
Ng8 16. Bxc5 b6 17. Be3 Nxe5 18. Nxe5 Bxe5 19. c3 Qc8 20. d4 Bd6 21. Bf4 Qc7
22. Qe2 g5 23. Bxd6 Qxd6 24. Ne3 Nf6 25. Nf5 Bxf5 26. Rxf5 Nh5 27. Qd3 Kg8 28.
Raf1 f6 29. R5f3 Rbd8 30. Qg6+ Ng7 31. Qd3 Kf7 32. R3f2 e5 33. Rd1 exd4 34.
cxd4 Rd7 35. d5 Qc5 36. Rc2 Qd6 37. Rc6 Qb4 38. Rc2 Re8 39. a3 Qd6 40. Be4 Kf8
41. Rc6 Qe5 42. Rc4 Qxb2+ 43. Rc2 Qe5 44. Rc4 Qb2+ 45. Rc2 Qe5 46. Rc4 b5 47.
Rd4 a6 48. d6 f5 49. Bg2 f4 50. Rf1 Nh5 51. Bb7 Rxb7 52. d7 Qe2+ 53. Qxe2 Rxe2+
54. Kg1 Rxd7 55. Rxd7 Nxg3 56. Rfd1 f3 57. Rd8+ Kf7 58. R8d7+ Ke6 59. R7d6+ Kf7
60. Rd7+ Re7 61. Rxe7+ Kxe7 62. Rd3 Ne2+ 63. Kf2 Nf4 64. Rxf3 Kd6 65. h4 Kc5
66. hxg5 hxg5 67. Kg3 a5 68. Kg4 Ne6 69. Rf5+ Kc4 70. Re5 Nd4 71. Re4 b4 72.
axb4 axb4 73. Kxg5 b3 74. Kf4 Kc3 75. Re3+ Kc2 76. Rxb3 1/2-1/2

[Event "DEM U12w 2017"]
[Site "Willingen GER"]
[Date "2017.06.04"]
[Round "2"]
[White "Avetyan, Manan"]
[Black "Yakovleva, Lara"]
[Result "1-0"]
[Termination "normal"]
[Board "19"]
[WhiteElo "1284"]
[BlackElo "944"]
[PlyCount "105"]
[WhiteFideId "16244737"]
[BlackFideId "16244788"]
[EventCountry "GER"]
[EventRounds "11"]
[EventType "swiss"]
[EventDate "2017.06.03"]

1. e4 e5 2. Nf3 Nc6 3. d4 exd4 4. Nxd4 Nxd4 5. Qxd4 Qf6 6. e5 Qb6 7. Qf4 d6 8.
Bc4 Be6 9. Bxe6 fxe6 10. O-O dxe5 11. Qxe5 O-O-O 12. Nc3 a6 13. Bf4 Nf6 14.
Rad1 Re8 15. Rd3 Bd6 16. Qg5 e5 17. Qxg7 Nh5 18. Qg4+ Kb8 19. Be3 Qxb2 20. Qxh5
Qxc2 21. Rxd6 cxd6 22. Rc1 Qg6 23. Qh4 Rhg8 24. g3 d5 25. Nxd5 Rgf8 26. Qb4 Rf7
27. Bb6 Rc8 28. Rxc8+ Kxc8 29. Qc5+ Qc6 30. Ne7+ Rxe7 31. Qxe7 Qxb6 32. Qxe5
Qb1+ 33. Kg2 Qxa2 34. Qh8+ Kc7 35. Qxh7+ Kb6 36. g4 Qd5+ 37. Kg3 a5 38. f4 Qd4
39. g5 a4 40. g6 a3 41. g7 a2 42. g8=Q a1=Q 43. Qe6+ Ka7 44. Qc2 Qag1+ 45. Kf3
Qh1+ 46. Kg4 Qdg1+ 47. Kf5 b5 48. Qca2+ Kb7 49. Qd7+ Kb8 50. Qd6+ Kc8 51. Qae6+
Kb7 52. Qdd7+ Kb8 53. Qee8# 1-0

[Event "DEM U12w 2017"]
[Site "Willingen GER"]
[Date "2017.06.05"]
[Round "3"]
[White "Liu, Sijia Anna"]
[Black "Ziegenfuß, Antonia"]
[Result "1-0"]
[Termination "normal"]
[Board "1"]
[WhiteElo "1529"]
[BlackElo "1911"]
[WhiteClock "00:17:26"]
[BlackClock "00:00:41"]
[PlyCount "63"]
[WhiteFideId "12989746"]
[BlackFideId "12962554"]
[EventCountry "GER"]
[EventRounds "11"]
[EventType "swiss"]
[EventDate "2017.06.03"]

1. e4 c5 2. Nf3 e6 3. d4 cxd4 4. Nxd4 a6 5. Nc3 Qc7 6. g3 Nf6 7. Bg2 Be7 8. O-O
d6 9. Re1 Nbd7 10. f4 O-O 11. g4 Rd8 12. g5 Ne8 13. h4 Nf8 14. f5 d5 15. e5
exf5 16. Nxd5 Rxd5 17. Bxd5 Ne6 18. Nxf5 Bc5+ 19. Kh1 Nxg5 20. Nxg7 Nxg7 21.
Bxg5 Bf5 22. Qf3 Be7 23. Bf6 Qd7 24. Rg1 Bf8 25. Rg3 Bg6 26. Rag1 Rc8 27. Be4
Qa4 28. Bf5 Nxf5 29. Qxf5 Qxc2 30. Qxc2 Rxc2 31. h5 Bc5 32. Rd1 1-0